| 000 | 01171cam a2200361 a 4500 | ||
|---|---|---|---|
| 001 | 6322 | ||
| 003 | FISKH | ||
| 005 | 20250422093827.0 | ||
| 008 | 100428s2011 nyu c 000 1 eng | ||
| 010 | _a 2010017221 | ||
| 020 | _a9780061989254 (trade bdg.) | ||
| 020 | _a9780545398312 | ||
| 040 |
_aDLC _cDLC _dDLC _beng |
||
| 050 | _aPZ7.C4336 S | ||
| 082 | _a813.6 | ||
| 100 | 1 | _aChick, Bryan. | |
| 245 | 1 | 0 |
_aSecrets and shadows / _cBryan Chick. |
| 260 |
_aNew York : _bScholastic, _c2011. |
||
| 300 |
_a266 pages : _c20 cm |
||
| 490 | 0 | _aThe secret zoo | |
| 505 | _aR | ||
| 520 | _aNoah and his friends in the Secret Society join forces with four teens known as the Descenders to try to protect the Secret Zoo hidden below the Clarksville City Zoo from monstrous sasquatches and the evil Shadow Master. | ||
| 521 |
_a780
_bLexile |
||
| 521 |
_aR
_bRaz-Plus |
||
| 650 | 1 | _aMystery and detective stories. | |
| 650 | 1 |
_aZoos _vFiction. |
|
| 650 | 1 |
_aZoo animals _vFiction. |
|
| 650 | 1 |
_aSasquatch _vFiction. |
|
| 650 | 1 |
_aFriendship _vFiction. |
|
| 906 |
_a7 _bcbc _corignew _d1 _eecip _f20 _gy-gencatlg |
||
| 942 |
_2ddc _cBK _n0 |
||
| 999 |
_c6322 _d6322 |
||